01018nam a2200265Ia 450000500170000000800410001702000180005802000150007608200170009110000340010824500700014225000180021230000730023050001340030365000310043765000350046865000320050365000340053565000300056926400300059933600270062933700330065633800280068904000350071720220317001333.0161108s9999 ck a g 000 0 spa  a9789581403608 a958140360404a398.2 bO11t1 aOcampo López, Javierd1939-10aTesoros legendarios de Colombia y el mundocJavier Ocampo López a1a. edición a351 páginasbilustraciones, fotografías en blanco y negroc24 cm aIncluye referencias bibliográficas, índice de tesoros legendarios, onomástico, geográfico, temático y de ilustraciones.142LEMBaLeyendas colombianas142LEMB aMitología colombiana 142LEMB aMitología chibcha 142LEMBaMitología indígena 14aTesoros zColombia 2LEMB aBogotábPlaza & Janés atextobtxt2rdacontent asin mediaciónbn2rdamedia avolumenbnc2rdacarrier aCO-BoRNBPbspaerdacCO-BoRNBP